| 000 | 00335nam a2200097Ia 4500 | ||
|---|---|---|---|
| 082 | _a158.1|MDHL | ||
| 245 | 0 | _aThe power of self-talk : take control of the nature, power and focus of your inner voice | |
| 100 |
_a Mdhluli, M. A. Nelspruit, South Africa, 2013 _969543 |
||
| 942 | _cBK | ||
| 008 | 210817s9999 xx 000 0 und d | ||
| 999 |
_c224775 _d224775 |
||